Thẩm định giá tài sản và doanh nghiệp (Lý thuyết và bài tập)

Giới thiệu lý thuyết, bài tập, bài giải liên quan đến thẩm định giá tài sản và doanh nghiệp

Gorde:
Xehetasun bibliografikoak
Egile nagusia: Nguyễn, Minh Điện
Formatua: Liburua
Hizkuntza:Undetermined
Argitaratua: Hà Nội Thống kê 2014
Gaiak:
Etiketak: Etiketa erantsi
Etiketarik gabe, Izan zaitez lehena erregistro honi etiketa jartzen!
Thư viện lưu trữ: Trung tâm Học liệu Trường Đại học Cần Thơ
LEADER 00776nam a2200217Ia 4500
001 CTU_180923
008 210402s9999 xx 000 0 und d
020 |c 108000 
082 |a 338.5 
082 |b Đ305 
100 |a Nguyễn, Minh Điện 
245 0 |a Thẩm định giá tài sản và doanh nghiệp 
245 0 |b (Lý thuyết và bài tập) 
245 0 |c Nguyễn Minh Điện 
260 |a Hà Nội 
260 |b Thống kê 
260 |c 2014 
520 |a Giới thiệu lý thuyết, bài tập, bài giải liên quan đến thẩm định giá tài sản và doanh nghiệp 
650 |a Valuation,Thẩm định giá 
904 |i Nguyên 
980 |a Trung tâm Học liệu Trường Đại học Cần Thơ